000 00650cam a22002293a 4500
001 6303
003 PGUSA
005 20140828083130.0
008 040801s2004||||xxu|||||s|||||000 | eng d
040 _aPGUSA
_beng
042 _adc
050 4 _aDC
100 1 _aSumner, Charles,
_d1811-1874
245 1 4 _aThe Duel Between France and Germany
_h[electronic resource] /
_cCharles Sumner
260 _bProject Gutenberg,
_c2004
506 _aPublic domain in the USA.
516 _aElectronic text
653 _aFranco-Prussian War, 1870-1871
830 0 _aProject Gutenberg
_v6303
856 4 0 _uhttp://www.gutenberg.org/ebooks/6303
942 _cEB
999 _c235626
_d235626